00638nam a2200229 450000100040000000300040000400500170000800700040002500800410002901000170007002000220008704000190010905000210012808200120014910000410016124500650020226000380026730000410030550000200034665000150036670000270038100000020150420092605.0000840910s1985 nyua 001 0 eng  a 84021078  a0716717069 (pbk.) aUOELcDLCdDLC00aQD33b.M246 198500a5462191 aMcQuarrie, Donald A.q(Donald Allan)10aDescriptive chemistry /cDonald A. McQuarrie, Peter A. Rock. aNew York :bW.H. Freeman,cc1985. a176 p. :bill. (some col.) ;c26 cm. aIncludes index. 0aChemistry.1 aRock, Peter A.,d1939-